Lublin - prawda czy fałsz? - Statystyki

Ogólne statystyki
  • Ten quiz został rozwiązany 261 razy
  • Średni wynik to 11 z 15
Statystyki odpowiedzi
Zagadnienie Odpowiedź % Poprawnych
Na Placu Litewskim znajduje się portal elektroniczny do Wilna i odwrotnie Prawda
94%
Przez miasto przepływa San Fałsz
92%
Z tego miasta jest Bliżej do Krakowa niż do Warszawy Fałsz
90%
W miejscu na Placu Po Farze stał kościół Prawda
90%
Posiada dwie drużyny w Ekstraklasie Fałsz
87%
Był siedzibą rządów tymczasowych Prawda
87%
Posiada mniej ludzi niż Białystok Fałsz
84%
Otrzymał prawa miejskie w XIV wieku Prawda
84%
Posiada ponad 30 dzielnic Fałsz
78%
Tutaj znajduje się studio programu 1 z 10 Prawda
62%
Był stolicą Polski Prawda
62%
Wieża Trynitarska ma ponad 100 metrów Fałsz
61%
Jan Kochanowski urodził się w tutaj Fałsz
58%
Posiada mniejszą powierzchnie od Bydgoszczy Prawda
44%
Został założony w VI wieku Prawda
37%
Nie znaleziono quizów pasujących do podanych kryteriów
Rozkład punktacji
Procent ludzi z każdym wynikiem
Percentyl według liczby udzielonych odpowiedzi
Twoja historia wyników
Nie rozwiązałeś tego quizu